| 000 | 00544nam a2200169Ia 4500 | ||
|---|---|---|---|
| 003 | GCL | ||
| 008 | 140319s9999 xx 000 0 ara d | ||
| 040 |
_aGCL / _cGCL |
||
| 082 | 0 | 4 |
_a216 _bع م |
| 100 | 1 | _aعبدالجليل شلبى | |
| 245 | 1 | 0 |
_aمعركة التبشير والاسلام: وكات التبشير والاسلام فى اسيا وافريقيا واوربا / _cعبدالجليل شلبى |
| 300 | _a316 ص | ||
| 490 |
_aكتاب _v0 |
||
| 650 | 0 | 4 | _aالاسلام |
| 650 | 0 | 4 | _aدفع المطاعن |
| 942 |
_2ddc _cBK |
||
| 999 |
_c42673 _d42673 |
||